|
|
|
|
| LEADER |
01042nab a2200289 i 4500 |
| 001 |
publ25396 |
| 005 |
20221026120336.0 |
| 008 |
221026s2021 hu o 0|| Angol d |
| 022 |
|
|
|a 2297-055X
|
| 024 |
7 |
|
|a 10.3389/fcvm.2021.758147
|2 doi
|
| 024 |
7 |
|
|a 32526449
|2 mtmt
|
| 040 |
|
|
|a SZTE Publicatio Repozitórium
|b hun
|
| 041 |
|
|
|a Angol
|
| 100 |
2 |
|
|a Morvai-Illés Blanka
|
| 245 |
1 |
4 |
|a The Prognostic Value of Lung Ultrasound in Patients With Newly Diagnosed Heart Failure With Preserved Ejection Fraction in the Ambulatory Setting
|h [elektronikus dokumentum] /
|c Morvai-Illés Blanka
|
| 260 |
|
|
|c 2021
|
| 300 |
|
|
|a 9
|
| 490 |
0 |
|
|a FRONTIERS IN CARDIOVASCULAR MEDICINE
|v 8
|
| 650 |
|
4 |
|a Klinikai orvostan
|
| 700 |
0 |
2 |
|a Polestyuk-Németh Nóra
|e aut
|
| 700 |
0 |
2 |
|a Szabó István Adorján
|e aut
|
| 700 |
0 |
2 |
|a Monoki Magdolna
|e aut
|
| 700 |
0 |
2 |
|a Gargani Luna
|e aut
|
| 700 |
0 |
2 |
|a Picano Eugenio
|e aut
|
| 700 |
0 |
2 |
|a Varga Albert
|e aut
|
| 700 |
0 |
2 |
|a Ágoston Gergely
|e aut
|
| 856 |
4 |
0 |
|u http://publicatio.bibl.u-szeged.hu/25396/1/pdf
|z Dokumentum-elérés
|